| 000 | 00625nam a22001937a 4500 | ||
|---|---|---|---|
| 003 | CEME | ||
| 005 | 20210628205202.0 | ||
| 008 | 210211b xxu||||| |||| 00| 0 eng d | ||
| 020 | _a1-57117-018-9 | ||
| 040 | _c. | ||
| 082 | _a620.1127 NON'M | ||
| 100 |
_aMess, Stanley Moori, Patrick O Mclntire, Paul _974321 |
||
| 245 | _aNondustructive testing handbook nondestructing testing overview | ||
| 250 | _a3RD | ||
| 260 |
_aENGLAND _bSOCITY GROUP _c1996 |
||
| 300 | _aVOL-10 581P | ||
| 650 |
_aENGINEERING INSPECTIONS NON DESTRUCTIVE INDUSTRIAL APPLICATIONS NON DESTRUCTIVE TESTING ACC NO-31055 _974322 |
||
| 942 |
_cBK _2ddc |
||
| 999 |
_c579867 _d579867 |
||